Marinos republicanos en los campos de concentración soviéticos : (Record no. 197646)

MARC details
000 -LEADER
campo de control de longitud fija 01440nam a2200313 i 4500
001 - NÚMERO DE CONTROL
campo de control 197646
003 - IDENTIFICADOR DE NÚMERO DE CONTROL
campo de control SpMaBN
005 - FECHA Y HORA DE LA ÚLTIMA TRANSACCIÓN
campo de control 20250824063103.0
008 - DATOS DE LONGITUD FIJA--INFORMACIÓN GENERAL
campo de control de longitud fija 250604s2024 sp |||||| 000 | spa|
017 ## - NÚMERO DE COPYRIGHT O DE DEPÓSITO LEGAL
Número de copyright o de depósito legal M 1867-2025
Agencia que asigna Oficina Depósito Legal Madrid
020 ## - NÚMERO INTERNACIONAL ESTÁNDAR DEL LIBRO
Número Internacional Estándar del Libro 9788410672147
040 ## - FUENTE DE CATALOGACIÓN
Centro catalogador/agencia de origen SpMaBN
Lengua de catalogación spa
Centro/agencia transcriptor SpMaBN
Normas de descripción rda
100 1# - ENTRADA PRINCIPAL--NOMBRE DE PERSONA
Nombre de persona García Santamaria, José Vicente
9 (RLIN) 241030
Término indicativo de función/relación Autor
245 10 - MENCIÓN DEL TÍTULO
Título Marinos republicanos en los campos de concentración soviéticos :
Resto del título 1938-1956 /
Mención de responsabilidad, etc. José Vicente García Santamaría y Juan Carlos Sánchez Illán.
260 ## - PUBLICACIÓN, DISTRIBUCIÓN, ETC.
Lugar de publicación, distribución, etc. Madrid :
Nombre del editor, distribuidor, etc. Los libros de la Catarata,
Fecha de publicación, distribución, etc. 2025.
300 ## - DESCRIPCIÓN FÍSICA
Extensión 190 páginas ;
Dimensiones 22 cm.
336 ## - TIPO DE CONTENIDO
Término de tipo de contenido Texto
Fuente rdacontent
337 ## - TIPO DE MEDIO
Nombre/término del tipo de medio sin mediación
Fuente rdamedia
338 ## - TIPO DE SOPORTE
Nombre/término del tipo de soporte volumen
Fuente rdacarrier
650 #4 - PUNTO DE ACCESO ADICIONAL DE MATERIA--TÉRMINO DE MATERIA
9 (RLIN) 10714
Término de materia o nombre geográfico como elemento de entrada Campos de concentración-
Subdivisión geográfica URSS
700 1# - ENTRADA AGREGADA--NOMBRE PERSONAL
Nombre de persona Sánchez Illán, Juan Carlos
9 (RLIN) 102706
Término indicativo de función/relación Autor
852 ## - LOCALIZACIÓN
Ubicación ES-MaACL
Ubicación en estantería Depósito J
Número de control de estantería N-10539
Anotaciones manuscritas Dedicatorias autógrafas de los autores
Donativo/Legado Donación: José Vicente García Santamaría y Juan Carlos Sánchez Illán
Encuadernación Encuadernación rústica
itemnumber 206662
903 ## - NOMBRE PERSONAL DE DONANTE
9 241030
a García Santamaria, José Vicente
e Donante
903 ## - NOMBRE PERSONAL DE DONANTE
9 102706
a Sánchez Illán, Juan Carlos
e Donante
942 ## - ELEMENTOS DE ENTRADA SECUNDARIOS (KOHA)
Tipo de ítem Koha Libro impreso
Suprimir en OPAC No
Holdings
Estatus retirado Estado de pérdida Fuente del sistema de clasificación o colocación Estado de daño No para préstamo Colección Biblioteca de origen Biblioteca actual Ubicación en estantería Fecha de adquisición Fuente de adquisición Total de préstamos Signatura topográfica completa Código de barras Visto por última vez Precio de reemplazo Tipo de ítem Koha
    Clasificación decimal universal     Libros con dedicatorias Biblioteca del Ateneo de Madrid Biblioteca del Ateneo de Madrid Depósito J 22/08/2025 Donación   N-10539 2025-1038 22/08/2025 22/08/2025 Libro impreso